LDR 00431naa a2200133 i 4500 001 000000293583 003 CaOOAMICUS 005 20180831172449.0 008 180831n xx u000 u ger u 013 $a824 040 $aSeMil$bita 100 1 $aZerfaß, Rolf.$0(OLS)http://semarc/name/13319 245 10$aWie geht Jesus von Nazaret auf die Menschen zu? 996 $6245$aWie geht Jesus von Nazaret auf die Menschen zu?$9(OLS)http://semarc/title/369670